| 000 | 00575nam a22001817a 4500 | ||
|---|---|---|---|
| 003 | 0 | ||
| 005 | 20240725155045.0 | ||
| 008 | 240725b xxu||||| |||| 00| 0 eng d | ||
| 020 | _a9781774697894 | ||
| 050 |
_aT 58.6 _b.Q35 2024 |
||
| 100 | _aQaiser, Zeeshan | ||
| 245 |
_aInformation systems _cZeeshan Qaiser |
||
| 260 |
_aBurlington, Ontario _bTAP Toronto Academic Press _c2024 |
||
| 300 |
_avii, 231 pages: _bcolored illustrations; _c26cm. |
||
| 504 | _aIncludes bibliographical references and index. | ||
| 650 | _aManagement information systems. | ||
| 942 |
_2lcc _cBK |
||
| 999 |
_c366031 _d366031 |
||